[Event "BCF-chT4 1516 (4NCL)"]
[Site "England"]
[Date "2015.11.15"]
[Round "2.99"]
[White "Oakley, Robin"]
[Black "Davis, Holden"]
[Result "1-0"]
[WhiteElo "1750"]
[BlackElo "1712"]
[PlyCount "54"]
[EventDate "2015.11.14"]
[EventType "team-swiss"]
[EventRounds "11"]
[EventCountry "ENG"]
[SourceTitle "EXT 2017"]
[Source "ChessBase"]
[SourceDate "2016.10.25"]
[SourceVersion "1"]
[SourceVersionDate "2016.10.25"]
[SourceQuality "1"]
[WhiteTeam "Hackney II"]
[BlackTeam "Cambridge III"]
[WhiteTeamCountry "ENG"]
[BlackTeamCountry "ENG"]

1. e4 e6 2. d4 d5 3. Nc3 Bb4 4. a3 Bxc3+ 5. bxc3 dxe4 6. f3 exf3 7. Nxf3 Nf6 8. Bc4 Nbd7 9. 0-0 Nb6 10. Bd3 Bd7 11. Qe1 Qe7 12. Ne5 h6 13. Kh1 0-0-0 14. Be3 Nbd5 15. Bg1 g5 16. c4 Nf4 17. Qa5 Kb8 18. Rab1 Nxd3 19. cxd3 b6 20. c5 Ka8 21. cxb6 cxb6 22. Rxb6 Be8 23. d5 Rxd5 24. Rfb1 Bd7 25. Qa6 Bb5 26. R6xb5 Rxb5 27. Rxb5 Nd5 1-0

[Event "BCF-chT3 0910 (4NCL)"]
[Site "England"]
[Date "2010.05.01"]
[Round "9.5"]
[White "Taylor, Robert P"]
[Black "Oakley, Robin"]
[Result "1-0"]
[WhiteElo "1978"]
[BlackElo "1858"]
[PlyCount "105"]
[EventDate "2009.10.24"]
[EventType "team-tourn"]
[EventRounds "11"]
[EventCountry "ENG"]
[SourceTitle "EXT 2011"]
[Source "ChessBase"]
[SourceDate "2010.11.26"]
[SourceVersion "1"]
[SourceVersionDate "2010.11.26"]
[SourceQuality "1"]
[WhiteTeam "Nottinghamshire II"]
[BlackTeam "Hackney"]
[WhiteTeamCountry "ENG"]
[BlackTeamCountry "ENG"]

1. d4 Nf6 2. Nf3 g6 3. Bg5 Bg7 4. Nbd2 d5 5. e3 0-0 6. Bd3 Nbd7 7. c3 c5 8. Qe2 Qb6 9. Rb1 Re8 10. Bf4 Nh5 11. Bg3 Nxg3 12. hxg3 e5 13. dxe5 Nf8 14. e4 Bg4 15. Qe3 Rad8 16. Qf4 dxe4 17. Bxe4 Bxf3 18. Nxf3 Qe6 19. 0-0 Qxa2 20. Bxb7 Rb8 21. Qe4 Red8 22. b4 Ne6 23. b5 Qa5 24. c4 Nd4 25. Bd5 Nxf3+ 26. Qxf3 Qc7 27. e6 fxe6 28. Bxe6+ Kh8 29. Qf4 Qe7 30. Bd5 Rf8 31. Qg4 Bd4 32. Bf3 Rf5 33. Rfe1 Qd8 34. Qh4 Bf6 35. Qg4 Bd4 36. Re6 Qg8 37. Rbe1 Rbf8 38. Qe4 R5f6 39. Qd5 Rf5 40. Qd6 Rd8 41. Qc7 Rf7 42. Re7 Rdf8 43. Qxa7 Qg7 44. Rxf7 Rxf7 45. Re8+ Rf8 46. Rxf8+ Qxf8 47. b6 Be5 48. b7 h5 49. Qa6 Kh7 50. Qe6 Bb8 51. Bd5 Kh6 52. Qg8 Qd6 53. f4 1-0